<?xml version="1.0" encoding="UTF-8"?>
<record
    xmlns:xsi="http://www.w3.org/2001/XMLSchema-instance"
    xsi:schemaLocation="http://www.loc.gov/MARC21/slim http://www.loc.gov/standards/marcxml/schema/MARC21slim.xsd"
    xmlns="http://www.loc.gov/MARC21/slim">

  <leader>02155nam0a2200349   4500</leader>
  <controlfield tag="001">RU\NLR\bibl\1120999</controlfield>
  <controlfield tag="005">20260412063454.0</controlfield>
  <datafield tag="010" ind1=" " ind2=" ">
    <subfield code="a">5-903108-04-0</subfield>
  </datafield>
  <datafield tag="021" ind1=" " ind2=" ">
    <subfield code="a">RU</subfield>
    <subfield code="b">2007-47246</subfield>
    <subfield code="9">2510</subfield>
  </datafield>
  <datafield tag="035" ind1=" " ind2=" ">
    <subfield code="a">(NLR Aleph) 001107973</subfield>
  </datafield>
  <datafield tag="090" ind1=" " ind2=" ">
    <subfield code="a">1219926</subfield>
    <subfield code="c">1219926</subfield>
  </datafield>
  <datafield tag="100" ind1=" " ind2=" ">
    <subfield code="a">20070827d2006    |||y0rusy50      ca</subfield>
  </datafield>
  <datafield tag="101" ind1="0" ind2=" ">
    <subfield code="a">rus</subfield>
  </datafield>
  <datafield tag="102" ind1=" " ind2=" ">
    <subfield code="a">RU</subfield>
  </datafield>
  <datafield tag="105" ind1=" " ind2=" ">
    <subfield code="a">a   |||||||||</subfield>
  </datafield>
  <datafield tag="200" ind1="1" ind2=" ">
    <subfield code="a">&#x412;&#x435;&#x43B;&#x438;&#x43A;&#x438;&#x439; &#x43F;&#x43E;&#x43B;&#x43A;&#x43E;&#x432;&#x43E;&#x434;&#x435;&#x446;</subfield>
    <subfield code="e">&#x43A; 100-&#x43B;&#x435;&#x442;&#x438;&#x44E; &#x441;&#x43E; &#x434;&#x43D;&#x44F; &#x440;&#x43E;&#x436;&#x434;&#x435;&#x43D;&#x438;&#x44F; &#x41C;&#x430;&#x440;&#x448;&#x430;&#x43B;&#x430; &#x421;&#x43E;&#x432;&#x435;&#x442;&#x441;&#x43A;&#x43E;&#x433;&#x43E; &#x421;&#x43E;&#x44E;&#x437;&#x430;, &#x447;&#x435;&#x442;&#x44B;&#x440;&#x435;&#x436;&#x434;&#x44B; &#x413;&#x435;&#x440;&#x43E;&#x44F; &#x421;&#x43E;&#x432;&#x435;&#x442;&#x441;&#x43A;&#x43E;&#x433;&#x43E; &#x421;&#x43E;&#x44E;&#x437;&#x430; &#x413;&#x435;&#x43E;&#x440;&#x433;&#x438;&#x44F; &#x41A;&#x43E;&#x43D;&#x441;&#x442;&#x430;&#x43D;&#x442;&#x438;&#x43D;&#x43E;&#x432;&#x438;&#x447;&#x430; &#x416;&#x443;&#x43A;&#x43E;&#x432;&#x430;</subfield>
    <subfield code="e">&#x431;&#x438;&#x43E;&#x431;&#x438;&#x431;&#x43B;&#x438;&#x43E;&#x433;&#x440;&#x430;&#x444;&#x438;&#x447;&#x435;&#x441;&#x43A;&#x438;&#x439; &#x443;&#x43A;&#x430;&#x437;&#x430;&#x442;&#x435;&#x43B;&#x44C;</subfield>
    <subfield code="f">&#x41A;&#x43E;&#x43C;. &#x43F;&#x43E; &#x43A;&#x443;&#x43B;&#x44C;&#x442;&#x443;&#x440;&#x435; &#x433;. &#x41C;&#x43E;&#x441;&#x43A;&#x432;&#x44B;, &#x413;&#x43E;&#x441;. &#x443;&#x447;&#x440;&#x435;&#x436;&#x434;&#x435;&#x43D;&#x438;&#x435; &#x43A;&#x443;&#x43B;&#x44C;&#x442;&#x443;&#x440;&#x44B; &#x433;. &#x41C;&#x43E;&#x441;&#x43A;&#x432;&#x44B;, "&#x426;&#x435;&#x43D;&#x442;&#x440;. &#x443;&#x43D;&#x438;&#x432;&#x435;&#x440;&#x441;. &#x43D;&#x430;&#x443;&#x447;. &#x431;-&#x43A;&#x430; &#x438;&#x43C;. &#x41D;.&#x410;. &#x41D;&#x435;&#x43A;&#x440;&#x430;&#x441;&#x43E;&#x432;&#x430;"</subfield>
    <subfield code="g">[&#x441;&#x43E;&#x441;&#x442;. &#x415;.&#x41C;. &#x410;&#x43D;&#x434;&#x440;&#x435;&#x435;&#x432;&#x430;</subfield>
    <subfield code="g">&#x43D;&#x430;&#x443;&#x447;. &#x440;&#x435;&#x434;. &#x418;.&#x418;. &#x414;&#x43E;&#x440;&#x43E;&#x43D;&#x438;&#x43D;&#x430;]</subfield>
  </datafield>
  <datafield tag="210" ind1=" " ind2=" ">
    <subfield code="a">&#x41C;&#x43E;&#x441;&#x43A;&#x432;&#x430;</subfield>
    <subfield code="c">&#x426;&#x435;&#x43D;&#x442;&#x440;&#x430;&#x43B;&#x44C;&#x43D;&#x430;&#x44F; &#x443;&#x43D;&#x438;&#x432;&#x435;&#x440;&#x441;&#x430;&#x43B;&#x44C;&#x43D;&#x430;&#x44F; &#x43D;&#x430;&#x443;&#x447;&#x43D;&#x430;&#x44F; &#x431;&#x438;&#x431;&#x43B;&#x438;&#x43E;&#x442;&#x435;&#x43A;&#x430;</subfield>
    <subfield code="d">2006</subfield>
  </datafield>
  <datafield tag="215" ind1=" " ind2=" ">
    <subfield code="a">125,[2] &#x441;.</subfield>
    <subfield code="c">&#x438;&#x43B;., &#x446;&#x432;. &#x438;&#x43B;., &#x43F;&#x43E;&#x440;&#x442;&#x440;.</subfield>
    <subfield code="d">30</subfield>
  </datafield>
  <datafield tag="320" ind1=" " ind2=" ">
    <subfield code="a">&#x418;&#x43C;&#x435;&#x43D;. &#x443;&#x43A;&#x430;&#x437;.: &#x441;. 114-126</subfield>
  </datafield>
  <datafield tag="600" ind1=" " ind2="1">
    <subfield code="a">&#x416;&#x443;&#x43A;&#x43E;&#x432;</subfield>
    <subfield code="b">&#x413;. &#x41A;.</subfield>
    <subfield code="g">&#x413;&#x435;&#x43E;&#x440;&#x433;&#x438;&#x439; &#x41A;&#x43E;&#x43D;&#x441;&#x442;&#x430;&#x43D;&#x442;&#x438;&#x43D;&#x43E;&#x432;&#x438;&#x447;</subfield>
    <subfield code="f">1896 - 1974</subfield>
    <subfield code="j">&#x411;&#x438;&#x43E;&#x431;&#x438;&#x431;&#x43B;&#x438;&#x43E;&#x433;&#x440;&#x430;&#x444;&#x438;&#x44F;</subfield>
    <subfield code="3">RU\NLR\AUTH\66232715</subfield>
    <subfield code="9">1320557</subfield>
  </datafield>
  <datafield tag="686" ind1=" " ind2=" ">
    <subfield code="a">&#x426;35(2)722-424&#x434;&#x416;&#x443;&#x43A;&#x43E;&#x432;.&#x44F;1</subfield>
  </datafield>
  <datafield tag="686" ind1=" " ind2=" ">
    <subfield code="a">&#x422;3(2)722.788&#x416;&#x443;&#x43A;&#x43E;&#x432; &#x413;.&#x41A;.&#x44F;1</subfield>
  </datafield>
  <datafield tag="702" ind1=" " ind2="1">
    <subfield code="4">220</subfield>
    <subfield code="8">rus</subfield>
    <subfield code="7">ca</subfield>
    <subfield code="a">&#x410;&#x43D;&#x434;&#x440;&#x435;&#x435;&#x432;&#x430;</subfield>
    <subfield code="b">&#x415;. &#x41C;.</subfield>
    <subfield code="c">&#x431;&#x438;&#x431;&#x43B;&#x438;&#x43E;&#x433;&#x440;&#x430;&#x444;</subfield>
    <subfield code="g">&#x415;&#x43B;&#x435;&#x43D;&#x430; &#x41C;&#x438;&#x445;&#x430;&#x439;&#x43B;&#x43E;&#x432;&#x43D;&#x430;</subfield>
    <subfield code="3">RU\NLR\auth\7758598</subfield>
    <subfield code="9">41530</subfield>
  </datafield>
  <datafield tag="702" ind1=" " ind2="1">
    <subfield code="4">570</subfield>
    <subfield code="8">rus</subfield>
    <subfield code="7">ca</subfield>
    <subfield code="a">&#x416;&#x443;&#x43A;&#x43E;&#x432;</subfield>
    <subfield code="b">&#x413;. &#x41A;.</subfield>
    <subfield code="c">&#x43F;&#x43E;&#x43B;&#x43A;&#x43E;&#x432;&#x43E;&#x434;&#x435;&#x446;</subfield>
    <subfield code="f">1896-1974</subfield>
    <subfield code="g">&#x413;&#x435;&#x43E;&#x440;&#x433;&#x438;&#x439; &#x41A;&#x43E;&#x43D;&#x441;&#x442;&#x430;&#x43D;&#x442;&#x438;&#x43D;&#x43E;&#x432;&#x438;&#x447;</subfield>
    <subfield code="3">RU\NLR\auth\7741788</subfield>
    <subfield code="9">24736</subfield>
  </datafield>
  <datafield tag="702" ind1=" " ind2="1">
    <subfield code="a">&#x414;&#x43E;&#x440;&#x43E;&#x43D;&#x438;&#x43D;&#x430;</subfield>
    <subfield code="b">&#x418;. &#x418;.</subfield>
    <subfield code="4">340</subfield>
  </datafield>
  <datafield tag="712" ind1="0" ind2="2">
    <subfield code="4">570</subfield>
    <subfield code="a">&#x426;&#x435;&#x43D;&#x442;&#x440;&#x430;&#x43B;&#x44C;&#x43D;&#x430;&#x44F; &#x443;&#x43D;&#x438;&#x432;&#x435;&#x440;&#x441;&#x430;&#x43B;&#x44C;&#x43D;&#x430;&#x44F; &#x43D;&#x430;&#x443;&#x447;&#x43D;&#x430;&#x44F; &#x431;&#x438;&#x431;&#x43B;&#x438;&#x43E;&#x442;&#x435;&#x43A;&#x430; &#x438;&#x43C;. &#x41D;. &#x410;. &#x41D;&#x435;&#x43A;&#x440;&#x430;&#x441;&#x43E;&#x432;&#x430;</subfield>
    <subfield code="c">&#x41C;&#x43E;&#x441;&#x43A;&#x432;&#x430;</subfield>
    <subfield code="3">RU\NLR\AUTH\8810094168</subfield>
    <subfield code="9">689519</subfield>
  </datafield>
  <datafield tag="801" ind1=" " ind2="0">
    <subfield code="a">RU</subfield>
    <subfield code="b">NLR</subfield>
    <subfield code="c">20070827</subfield>
    <subfield code="g">RCR</subfield>
  </datafield>
  <datafield tag="801" ind1=" " ind2="1">
    <subfield code="a">RU</subfield>
    <subfield code="b">NLR</subfield>
    <subfield code="c">20070827</subfield>
  </datafield>
  <datafield tag="942" ind1=" " ind2=" ">
    <subfield code="c">BOOK</subfield>
  </datafield>
  <datafield tag="980" ind1=" " ind2=" ">
    <subfield code="a">NB</subfield>
  </datafield>
  <datafield tag="995" ind1=" " ind2=" ">
    <subfield code="5">2007-08-27</subfield>
    <subfield code="a">ad</subfield>
    <subfield code="b">NLR01</subfield>
    <subfield code="c">NLR01</subfield>
    <subfield code="e">CSB</subfield>
    <subfield code="f">1-744392</subfield>
    <subfield code="k">&#x421; 2007-5/63</subfield>
    <subfield code="o">0</subfield>
    <subfield code="r">BOOK</subfield>
    <subfield code="s">_2007563</subfield>
  </datafield>
  <datafield tag="995" ind1=" " ind2=" ">
    <subfield code="5">2007-08-27</subfield>
    <subfield code="a">ad</subfield>
    <subfield code="b">NLR01</subfield>
    <subfield code="c">NLR01</subfield>
    <subfield code="e">CSB</subfield>
    <subfield code="f">1-744388</subfield>
    <subfield code="k">&#x421; 2007-5/63</subfield>
    <subfield code="o">0</subfield>
    <subfield code="r">BOOK</subfield>
    <subfield code="s">_2007563</subfield>
  </datafield>
</record>
